Bản tin Khoa học - công nghệ Số 03
Nội dung số này trình bày: tin tức & sự kiện; đổi mới - sáng tạo; câu chuyện khởi nghiệp; thông tin hỗ trợ
Tallennettuna:
| Aineistotyyppi: | Kirja |
|---|---|
| Kieli: | Vietnamese |
| Julkaistu: |
Cần Thơ
Trung tâm Thông tin khoa học và công nghệ - Sở Khoa học và Công nghệ Tp. Cần Thơ
2019
|
| Aiheet: | |
| Tagit: |
Lisää tagi
Ei tageja, Lisää ensimmäinen tagi!
|
| Thư viện lưu trữ: | Thư viện Trường Đại học Nam Cần Thơ |
|---|
| LEADER | 01042nam a22002057a 4500 | ||
|---|---|---|---|
| 001 | NCT_135709 | ||
| 008 | 220304b xxu||||| |||| 00| 0 vie d | ||
| 999 | |c 7007 |d 7007 | ||
| 041 | 0 | |a vie | |
| 082 | 0 | 4 | |2 23rd ed. |a 600 |b B105T |
| 245 | 0 | 0 | |a Bản tin Khoa học - công nghệ |n Số 03 |c Trung tâm Thông tin khoa học và công nghệ - Sở Khoa học và Công nghệ Tp. Cần Thơ |
| 260 | |a Cần Thơ |b Trung tâm Thông tin khoa học và công nghệ - Sở Khoa học và Công nghệ Tp. Cần Thơ |c 2019 | ||
| 300 | |c 27cm | ||
| 310 | |a Hàng tháng | ||
| 362 | |a 03/2019 | ||
| 520 | 3 | |a Nội dung số này trình bày: tin tức & sự kiện; đổi mới - sáng tạo; câu chuyện khởi nghiệp; thông tin hỗ trợ | |
| 655 | |a Tạp chí | ||
| 942 | |2 ddc |c CR | ||
| 952 | |0 0 |1 0 |2 ddc |4 0 |6 600_000000000000000_B105T |7 0 |9 24952 |a 000001 |b 000001 |d 2022-06-11 |o 600 B105T |r 2022-06-11 |w 2022-06-11 |y CR | ||
| 980 | |a Thư viện Trường Đại học Nam Cần Thơ | ||